000 00491nam a22001937a 4500
008 150622b xxu||||| |||| 00| 0 eng d
020 _a0135721407
041 0 _aeng
080 _a33
100 _aHeyne, Paul;
245 _aThe economic way of thinking /
_cPaul Heyne;
250 _a8th Edition
260 _aUSA;
_bPrentice-Hall;
_c1997.
300 _a573 f.:
_bme il.;
_c24 cm.
500 _aPreface: f.xi-xvii
505 _aIndex: f.567-572
650 0 _aEkonomia
942 _2udc
_cBK
999 _c1065
_d1065